Sports Quiz

Random Sports or Football Quiz

1995-96 Chicago Bulls Quiz Stats

 Plays Quiz not verified by Sporcle

Challenge
Share
Tweet
Embed
Score 0/16 Timer 05:00
0 Plays Today
Number Player % Correct
33Scottie Pippen
100%
23Michael Jordan
99.4%
91Dennis Rodman
96.5%
Head CoachPhil Jackson
90.6%
25Steve Kerr
83%
7Toni Kukoc
80.7%
13Luc Longley
77.8%
9Ron Harper
71.3%
Number Player % Correct
34Bill Wennington
57.9%
30Jud Buechler
40.9%
0Randy Brown
40.4%
8Dickey Simpkins
28.7%
22John Salley
22.8%
35Jason Caffey
22.2%
54Jack Haley
14%
53James Edwards
11.7%

You're not logged in!

Compare scores with friends on all Sporcle quizzes.
OR
Log In

You Might Also Like...

Show Comments

Extras

Top Quizzes Today


Score Distribution

Your Account Isn't Verified!

In order to create a playlist on Sporcle, you need to verify the email address you used during registration. Go to your Sporcle Settings to finish the process.

Report this User

Report this user for behavior that violates our Community Guidelines.

Details: